000 00216 a2200097 4500
020 _a1886749221
041 _aeng
100 _aSheila sweeny
245 _aWacky basketball facts to bounce around
942 _cLibros/Book
999 _c30400
_d30398